[Event "Titled Tue 24th Jun Early"]
[Site "chess.com INT"]
[Date "2025.06.24"]
[Round "7"]
[White "Leung, Hoi Ting"]
[Black "Zepeda Berlanga, Jan Enrique"]
[Result "0-1"]
[WhiteTitle "WCM"]
[BlackTitle "CM"]
[WhiteElo "1618"]
[BlackElo "1984"]
[WhiteFideId "6003770"]
[BlackFideId "5132355"]
[EventDate "2025.06.24"]

1. d4 Nf6 2. c4 g6 3. e3 Bg7 4. Nf3 O-O 5. Nc3 d5 6. Qb3 dxc4 7. Bxc4 e6 8. O-O
Nc6 9. Rd1 Na5 10. Qb4 Nxc4 11. Qxc4 c6 12. e4 Qa5 13. e5 Nd5 14. Nxd5 exd5 15.
Qe2 Bf5 16. Bg5 Rfe8 17. h3 f6 18. Bf4 fxe5 19. Nxe5 c5 20. Be3 Bxe5 21. dxe5
Rxe5 22. Qd2 Qxd2 23. Bxd2 d4 24. Bf4 Re2 25. b4 b6 26. bxc5 bxc5 27. Rac1 Rc8
28. Bd6 Rxa2 29. Rxc5 Rxc5 30. Bxc5 d3 31. g4 Be4 32. Be3 a5 33. Kh2 a4 34. Kg3
Re2 35. Bd4 d2 36. f3 Bc2 37. Ra1 d1=Q 38. Rxd1 Bxd1 39. f4 a3 40. g5 a2 41. h4
Kf7 42. Bh8 Rc2 43. Be5 Rc1 44. Bh8 a1=Q 45. Bxa1 Rxa1 46. Kf2 Ke6 47. Ke3 Kf5
48. Kd4 Kxf4 49. Kd5 Kg4 50. Ke6 Kxh4 51. Kf7 Kh5 52. Kg7 Kxg5 53. Kxh7 Kf6 54.
Kh6 g5 55. Kh7 g4 56. Kg8 g3 57. Kf8 g2 58. Ke8 g1=Q 59. Kd8 Qa7 60. Kc8 Rb1 61.
Kd8 Rb7 62. Kc8 Rh7 63. Kd8 Bf3 64. Ke8 Bd5 65. Kf8 Ke6 66. Kg8 Kd6+ 0-1

[Event "Titled Tue 24th Jun Early"]
[Site "chess.com INT"]
[Date "2025.06.24"]
[Round "7"]
[White "Porozhnyak, Maya"]
[Black "Sailer, Mike"]
[Result "0-1"]
[WhiteTitle "WCM"]
[WhiteElo "1953"]
[BlackElo "2108"]
[WhiteFideId "34115843"]
[BlackFideId "2012901"]
[EventDate "2025.06.24"]

1. e4 d5 2. exd5 Qxd5 3. d4 Nc6 4. Be3 Nf6 5. c4 Qa5+ 6. Nc3 Bg4 7. Qb3 O-O-O 8.
f3 Bf5 9. O-O-O e6 10. g4 Bg6 11. h4 h6 12. Nge2 Bb4 13. Nf4 Bh7 14. Rg1 Bxc3
15. bxc3 e5 16. Ne2 exd4 17. cxd4 Rhe8 18. Bd2 Qa6 19. d5 Na5 20. Bxa5 Qxa5 21.
Nd4 Nd7 22. Qb2 Nc5 23. Nb3 Nxb3+ 24. axb3 Re3 25. b4 Qa4 26. Bd3 Bxd3 27. Rxd3
Rxd3 28. Re1 Rb3 29. Qc2 Qa1+ 30. Kd2 Qa3 31. Rb1 Rxb1 32. Qxb1 Re8 33. Qc2 Qe3+
34. Kd1 Qe1# 0-1

[Event "Titled Tue 24th Jun Early"]
[Site "chess.com INT"]
[Date "2025.06.24"]
[Round "7"]
[White "Lloret Ramis, Juan Jose"]
[Black "Sriansh Das"]
[Result "0-1"]
[WhiteTitle "FM"]
[BlackTitle "FM"]
[WhiteElo "2019"]
[BlackElo "2340"]
[WhiteFideId "2204053"]
[BlackFideId "45030081"]
[EventDate "2025.06.24"]

1. d4 d5 2. c4 e6 3. Nc3 Nf6 4. Bg5 Be7 5. e3 O-O 6. Nf3 h6 7. Bh4 b6 8. Be2 Bb7
9. Bxf6 Bxf6 10. cxd5 exd5 11. b4 a6 12. O-O Qe7 13. Qb3 Rd8 14. a4 Qd6 15. Ne1
Nc6 16. Nd3 Ne7 17. a5 Bc6 18. axb6 cxb6 19. b5 axb5 20. Nxb5 Qd7 21. Nc3 Qb7
22. Nb4 Be8 23. Bf3 Rxa1 24. Rxa1 Bc6 25. Rc1 Qa8 26. g3 g5 27. Kg2 Kg7 28. Rc2
Rc8 29. Nxc6 Qxc6 30. Bd1 Qc4 31. Qb2 Qa6 32. Nb5 Rxc2 33. Bxc2 Nc6 34. Qb3 Ne7
35. Bd3 Qa5 36. Nd6 Nc6 37. Nf5+ Kg8 38. Nxh6+ Kf8 39. Nf5 Nb4 40. Be2 b5 41.
Qc3 Be7 42. Qc8+ Qd8 43. Nxe7 Kxe7 44. Qc5+ Qd6 45. Qxb5 Nc6 46. Bf3 Ke6 47. Qb7
Ne7 48. Qa8 Kf6 49. Qh8+ Ke6 50. Qh6+ f6 51. Qh7 Kd7 52. Bg4+ Kc7 53. Qf7 Kd8 0-1

[Event "Titled Tue 24th Jun Early"]
[Site "chess.com INT"]
[Date "2025.06.24"]
[Round "7"]
[White "Alonso Rosell, Alvar"]
[Black "Korobov, Anton"]
[Result "1-0"]
[WhiteTitle "GM"]
[BlackTitle "GM"]
[WhiteElo "2536"]
[BlackElo "2631"]
[WhiteFideId "2270544"]
[BlackFideId "14105730"]
[EventDate "2025.06.24"]

1. d4 g6 2. c4 Bg7 3. Nf3 Nf6 4. g3 O-O 5. Bg2 Nc6 6. Nc3 a6 7. O-O Rb8 8. d5
Na5 9. c5 b6 10. e4 bxc5 11. e5 Ne8 12. Qa4 c6 13. Rd1 Rb4 14. Qc2 Bb7 15. b3
Nc7 16. d6 exd6 17. exd6 Nb5 18. Bg5 Qb8 19. Ne4 Rxe4 20. Qxe4 Nc3 21. Qh4 Nd5
22. Bh6 Qxd6 23. Ng5 Qf6 24. Bxg7 Qxg7 25. Ne4 Bc8 26. Nxc5 d6 27. Ne4 Nb7 28.
Rac1 f5 29. Ng5 Nc3 30. Re1 h6 31. Qc4+ d5 32. Qxc3 hxg5 33. Qxc6 d4 34. Qd5+
Kh8 35. Qe5 Rd8 36. Qxg7+ Kxg7 37. Bxb7 Bxb7 38. Re7+ 1-0

[Event "Titled Tue 24th Jun Early"]
[Site "chess.com INT"]
[Date "2025.06.24"]
[Round "7"]
[White "Linares Orellana, Hector Jose"]
[Black "Marchesich, Giovanni"]
[Result "0-1"]
[WhiteTitle "FM"]
[BlackTitle "CM"]
[WhiteElo "2111"]
[BlackElo "2189"]
[WhiteFideId "7304307"]
[BlackFideId "2824790"]
[EventDate "2025.06.24"]

1. e4 d5 2. exd5 Qxd5 3. Nc3 Qe5+ 4. Be2 c6 5. Nf3 Qc7 6. d4 Bf5 7. Be3 e6 8.
Qd2 Nf6 9. O-O-O Nbd7 10. h3 Be7 11. g4 Bg6 12. Rhg1 O-O 13. h4 h5 14. gxh5 Bxh5
15. Ng5 Bxe2 16. Qxe2 c5 17. h5 cxd4 18. Bxd4 e5 19. Be3 Rac8 20. h6 g6 21. Rh1
Bb4 22. Nge4 Qa5 23. Kb1 Bxc3 24. Nxc3 Rxc3 25. bxc3 Ne4 26. h7+ Kh8 27. Bd4 f5
28. Qc4 exd4 29. Qxd4+ Ndf6 30. Rd3 Qb6+ 31. Qxb6 axb6 32. Rg1 Nxf2 33. Rd6 N2g4
34. Rxb6 Rf7 35. c4 Kxh7 36. c5 f4 37. c6 bxc6 38. Rxc6 f3 39. Rf1 f2 40. Rc4
Re7 41. Rf4 Re1+ 42. Kb2 Rxf1 43. a4 g5 44. Rf5 Kg6 45. Rxf2 Rxf2 46. a5 Ne3 47.
a6 Rxc2+ 48. Kb3 Rc7 0-1

[Event "Titled Tue 24th Jun Early"]
[Site "chess.com INT"]
[Date "2025.06.24"]
[Round "7"]
[White "Mummana Venkata Ruthvik"]
[Black "Dehtiarov, Roman"]
[Result "0-1"]
[WhiteTitle "CM"]
[BlackTitle "FM"]
[WhiteElo "2237"]
[BlackElo "2416"]
[WhiteFideId "25697307"]
[BlackFideId "14186640"]
[EventDate "2025.06.24"]

1. Nf3 d5 2. g3 Bg4 3. Bg2 e6 4. O-O Nd7 5. d4 h5 6. h4 Be7 7. c4 c6 8. Nc3 Ngf6
9. Ng5 Qc7 10. Qc2 Bf5 11. e4 dxe4 12. Ncxe4 Nxe4 13. Bxe4 Bxe4 14. Nxe4 Nf6 15.
Bf4 Qa5 16. Be5 O-O-O 17. Rad1 Ng4 18. Bxg7 Rhg8 19. Be5 f5 20. Nc3 Nxe5 21.
dxe5 Bxh4 22. Kh2 Qxe5 23. Qe2 Bxg3+ 24. Kh3 Qxe2 25. Nxe2 Be5 26. f4 Bxb2 27.
Ng3 h4 28. Nh5 Rxd1 29. Rxd1 Rh8 30. Kxh4 Bf6+ 0-1

[Event "Titled Tue 24th Jun Early"]
[Site "chess.com INT"]
[Date "2025.06.24"]
[Round "7"]
[White "Modric, Nesa"]
[Black "Arya G Mallar"]
[Result "0-1"]
[WhiteTitle "CM"]
[BlackTitle "WCM"]
[WhiteElo "2088"]
[BlackElo "2000"]
[WhiteFideId "922579"]
[BlackFideId "25115324"]
[EventDate "2025.06.24"]

1. d4 Nf6 2. Bg5 d5 3. Bxf6 gxf6 4. Nf3 c5 5. e3 Nc6 6. Bb5 Qb6 7. Nc3 Be6 8.
O-O Rg8 9. Re1 O-O-O 10. Bxc6 Qxc6 11. dxc5 Bh3 12. g3 e5 13. Nh4 Bxc5 14. Qf3
Qe6 15. Rad1 d4 16. exd4 Bg4 17. Qe4 Bxd1 18. dxc5 Bg4 19. Nb5 a6 20. Nd6+ Rxd6
21. cxd6 Qxd6 22. Qxh7 Rd8 23. Qxf7 Qd2 24. Ng2 Bf3 25. Rf1 Qg5 26. Ne3 Kb8 27.
h4 Qh6 28. Kh2 Rd2 29. Kg1 Re2 30. Qe8+ Ka7 31. Qd7 Rxe3 32. fxe3 Qxe3+ 33. Rf2
Qe1+ 34. Rf1 Qxg3# 0-1

[Event "Titled Tue 24th Jun Early"]
[Site "chess.com INT"]
[Date "2025.06.24"]
[Round "7"]
[White "Skiadopoulos, Nikolaos"]
[Black "Miranda Camus, Joaquin Ignacio"]
[Result "1-0"]
[WhiteTitle "CM"]
[BlackTitle "FM"]
[WhiteElo "1882"]
[BlackElo "2196"]
[WhiteFideId "4200772"]
[BlackFideId "3449300"]
[EventDate "2025.06.24"]

1. e4 c5 2. Nf3 Nc6 3. Bb5 e5 4. Bxc6 dxc6 5. O-O Bd6 6. d3 Ne7 7. b3 O-O 8. Bb2
Ng6 9. Nbd2 b5 10. a4 a6 11. axb5 cxb5 12. Re1 Qe7 13. Nf1 Nf4 14. Ne3 Qf6 15.
Nd5 Nxd5 16. exd5 Bg4 17. h3 Bxf3 18. Qxf3 Qxf3 19. gxf3 f6 20. f4 exf4 21. Re6
Rfd8 22. d4 c4 23. bxc4 bxc4 24. c3 a5 25. Kg2 a4 26. Ba3 Bxa3 27. Rxa3 Rxd5 28.
Rc6 Rg5+ 29. Kf3 Rh5 30. Rxc4 Rxh3+ 31. Kxf4 Rd3 32. Ke4 Rd2 33. Ke3 Rc2 34. d5
Ra5 35. Rd4 Kf7 36. d6 Ke8 37. Kd3 Rxf2 38. d7+ Kd8 39. Rdxa4 Rxa4 40. Rxa4 Rf3+
41. Kc2 Rg3 42. Ra7 h5 43. c4 h4 44. c5 h3 45. c6 h2 46. Ra8+ Ke7 47. d8=Q+ Ke6
48. Qd7+ Ke5 49. Ra5+ Kf4 50. Qf5+ Ke3 51. Ra3+ Ke2 52. Qe4+ Kf2 53. Rxg3 Kxg3
54. c7 h1=Q 55. Qxh1 1-0

[Event "Titled Tue 24th Jun Early"]
[Site "chess.com INT"]
[Date "2025.06.24"]
[Round "7"]
[White "Howell, David W L"]
[Black "Tan, Zhongyi"]
[Result "1-0"]
[WhiteTitle "GM"]
[BlackTitle "GM"]
[WhiteElo "2668"]
[BlackElo "2546"]
[WhiteFideId "410608"]
[BlackFideId "8603642"]
[EventDate "2025.06.24"]

1. e4 e5 2. Nf3 Nc6 3. Bb5 a6 4. Ba4 Nf6 5. O-O Be7 6. Bxc6 dxc6 7. d3 Bd6 8. a4
Be6 9. Nbd2 Nd7 10. Nc4 O-O 11. a5 Qe7 12. b3 f6 13. Be3 Rad8 14. Nfd2 Bb4 15.
f4 Bc3 16. Ra2 exf4 17. Bxf4 Ne5 18. Nxe5 fxe5 19. Be3 Rxf1+ 20. Nxf1 c5 21. Qe2
Rf8 22. Nd2 Qd6 23. h3 h6 24. Kh2 Rf6 25. Nf3 Bf7 26. Bd2 Bxd2 27. Nxd2 Qd4 28.
Nf3 Qd6 29. Qe3 Bh5 30. Nd2 Qd4 31. Nc4 Qxe3 32. Nxe3 Rf2 33. Kg3 Re2 34. Nc4
Be8 35. Nxe5 Kf8 36. Kf3 Re1 37. Kf2 Rh1 38. Nf3 Ke7 39. Ng1 Bc6 40. Ra1 Kd6 41.
Re1 Bd7 42. Kg3 1-0

[Event "Titled Tue 24th Jun Early"]
[Site "chess.com INT"]
[Date "2025.06.24"]
[Round "7"]
[White "Nazin, Roman"]
[Black "Fiorito, Francisco"]
[Result "0-1"]
[WhiteTitle "CM"]
[BlackTitle "IM"]
[WhiteElo "2250"]
[BlackElo "2433"]
[WhiteFideId "4137167"]
[BlackFideId "180165"]
[EventDate "2025.06.24"]

1. d4 Nf6 2. Nf3 b6 3. c4 Bb7 4. e3 e6 5. Bd3 d5 6. O-O Be7 7. Nc3 O-O 8. Qe2 c5
9. b3 Nbd7 10. Bb2 Rc8 11. Rac1 a6 12. cxd5 Nxd5 13. Bxa6 Bxa6 14. Qxa6 Ra8 15.
Qe2 Nxc3 16. Bxc3 Nf6 17. Rfd1 Qb8 18. a4 Qb7 19. dxc5 bxc5 20. Bxf6 Bxf6 21.
Rxc5 Qxb3 22. a5 Qa3 23. Qc2 Rxa5 24. Rxa5 Qxa5 25. h3 g6 26. g3 h5 27. h4 Kg7
28. Qe4 Qc7 29. Kg2 Rb8 30. Ng5 Rb5 31. Nf3 Rf5 32. Nd4 Rd5 33. Rb1 Bxd4 34.
exd4 Qc3 35. Rb7 Qxd4 36. Qxd4+ Rxd4 37. Rc7 Kf6 38. Kf3 Rd3+ 39. Ke2 Ra3 40.
Rd7 e5 41. Rb7 Ke6 42. Rc7 f6 43. Rg7 Kf5 44. Rg8 Ke4 45. Rxg6 Ra2+ 46. Kf1 f5
47. Rg5 f4 48. gxf4 exf4 49. Kg2 f3+ 50. Kg3 Ra1 51. Rxh5 Rg1+ 52. Kh3 Rg2 53.
Rg5 Rxf2 54. Kg3 Rg2+ 55. Kh3 Rxg5 56. hxg5 Ke3 57. g6 f2 58. g7 f1=Q+ 0-1

[Event "Titled Tue 24th Jun Early"]
[Site "chess.com INT"]
[Date "2025.06.24"]
[Round "7"]
[White "Fichter, Fabian"]
[Black "Pournami S"]
[Result "0-1"]
[WhiteTitle "FM"]
[BlackTitle "WCM"]
[WhiteElo "2235"]
[BlackElo "1749"]
[WhiteFideId "24613258"]
[BlackFideId "25732439"]
[EventDate "2025.06.24"]

1. e4 c5 2. Nf3 d6 3. d4 cxd4 4. Nxd4 Nf6 5. Nc3 a6 6. Be2 e6 7. O-O Be7 8. a4
O-O 9. a5 Nc6 10. Nb3 e5 11. Bg5 Be6 12. Bxf6 gxf6 13. Nd5 f5 14. exf5 Bxf5 15.
Bg4 Bg6 16. Nb6 Ra7 17. Qd2 f5 18. Be2 Bf7 19. Bc4 Bxc4 20. Nxc4 d5 21. Nb6 d4
22. Nc4 Bg5 23. Qe2 e4 24. Rfd1 Bf6 25. Ra4 Qe8 26. Nb6 Kh8 27. Qc4 Ne5 28. Qc5
Rg8 29. Nd5 Qg6 30. Nf4 Nf3+ 31. Kf1 Nxh2+ 32. Ke1 Qh6 33. g3 Nf3+ 34. Ke2 Raa8
35. Qd5 Rac8 0-1

[Event "Titled Tue 24th Jun Early"]
[Site "chess.com INT"]
[Date "2025.06.24"]
[Round "7"]
[White "Veiga, Jose Francisco R P Neves"]
[Black "Asensio Ramos, Enrique Fernando"]
[Result "0-1"]
[WhiteTitle "IM"]
[BlackTitle "CM"]
[WhiteElo "2390"]
[BlackElo "2200"]
[WhiteFideId "1930087"]
[BlackFideId "2214172"]
[EventDate "2025.06.24"]

1. e4 c5 2. Nf3 d6 3. d4 cxd4 4. Nxd4 Nf6 5. Nc3 g6 6. Be3 Nc6 7. f3 h5 8. Qd2
Nxd4 9. Bxd4 Bh6 10. Be3 Bxe3 11. Qxe3 Be6 12. O-O-O Qa5 13. Kb1 a6 14. h4 Rc8
15. Qg5 Rc5 16. Qe3 O-O 17. Be2 Rfc8 18. Rd3 Bc4 19. Rd2 Bxe2 20. Nxe2 Nd7 21.
Nd4 R5c7 22. g4 Ne5 23. b3 Rc3 24. Qh6 Nxf3 25. Nxf3 Rxf3 26. Rg2 hxg4 27. h5 g5
28. Rxg4 Rc5 29. e5 Rxe5 30. Rhg1 Rff5 31. Rc4 Re1+ 32. Rxe1 Qxe1+ 33. Kb2 Qe5+
34. c3 Qe6 35. Rc7 Qxh6 0-1

[Event "Titled Tue 24th Jun Early"]
[Site "chess.com INT"]
[Date "2025.06.24"]
[Round "7"]
[White "Subramanian, Anusha"]
[Black "Yang, Daniel"]
[Result "0-1"]
[WhiteTitle "WFM"]
[BlackTitle "CM"]
[WhiteElo "2045"]
[BlackElo "2198"]
[WhiteFideId "477710"]
[BlackFideId "30976340"]
[EventDate "2025.06.24"]

1. c4 Nf6 2. Nc3 g6 3. g3 Bg7 4. Bg2 O-O 5. e4 d6 6. Nge2 Nbd7 7. O-O e5 8. d4
exd4 9. Nxd4 Re8 10. h3 Nc5 11. Re1 h6 12. f4 a5 13. Rb1 c6 14. a3 a4 15. b4
axb3 16. Nxb3 Nfd7 17. Nxc5 Bxc3 18. Nxd7 Bxe1 19. Nb6 Ra6 20. Nxc8 Bxg3 21.
Nxd6 c5 22. e5 Re6 23. Qg4 Bh4 24. Bd5 h5 25. Qg2 Raxd6 26. exd6 Re1+ 27. Kh2
Qxd6 28. Rxb7 Rxc1 29. Bxf7+ Kf8 30. Qf3 Rc2+ 31. Kh1 Qf6 32. Rb8+ Kxf7 33. Qd5+
Qe6 34. Rb7+ Kf6 35. Qd8+ Kf5 36. Qxh4 Qe4+ 37. Kg1 Qg2# 0-1

[Event "Titled Tue 24th Jun Early"]
[Site "chess.com INT"]
[Date "2025.06.24"]
[Round "7"]
[White "Souleidis, Georgios"]
[Black "Ter-Sahakyan, Samvel"]
[Result "0-1"]
[WhiteTitle "IM"]
[BlackTitle "GM"]
[WhiteElo "2418"]
[BlackElo "2611"]
[WhiteFideId "4206827"]
[BlackFideId "13302531"]
[EventDate "2025.06.24"]

1. e4 e6 2. d4 d5 3. Nc3 Nf6 4. Bg5 dxe4 5. Nxe4 Be7 6. Nxf6+ Bxf6 7. Bxf6 Qxf6
8. Nf3 O-O 9. Qd3 Bd7 10. O-O-O Bc6 11. Ne5 Nd7 12. Nxd7 Bxd7 13. Qe3 Bc6 14. f3
Rad8 15. Bc4 Rd6 16. Rhe1 h6 17. Qe5 Rfd8 18. Qxf6 gxf6 19. c3 Kg7 20. Bb3 h5
21. Re3 f5 22. Rde1 Kf6 23. g3 Rg8 24. f4 h4 25. Kd2 Rh8 26. Bc4 Rdd8 27. b4 a6
28. Rg1 Rdg8 29. Kc2 Rg6 30. Kb3 Rhg8 31. a4 Rg4 32. b5 axb5 33. axb5 Be4 34.
Bd3 Bxd3 35. Rxd3 Rxf4 36. Ra1 Rf2 37. gxh4 Rxh2 38. Ra7 Rb8 39. c4 Rxh4 40. c5
Re4 41. Kc4 f4 42. Ra1 Rd8 43. Kc3 b6 44. c6 Ke7 45. Rh1 Rd5 46. Kc4 Rc5+ 47.
Kb4 e5 0-1

[Event "Titled Tue 24th Jun Early"]
[Site "chess.com INT"]
[Date "2025.06.24"]
[Round "7"]
[White "Mekhitarian, Krikor Sevag"]
[Black "Karpenko, Anton"]
[Result "1-0"]
[WhiteTitle "GM"]
[BlackTitle "CM"]
[WhiteElo "2564"]
[BlackElo "2219"]
[WhiteFideId "2107660"]
[BlackFideId "34374353"]
[EventDate "2025.06.24"]

1. Nf3 c5 2. c4 Nf6 3. Nc3 e6 4. d4 cxd4 5. Nxd4 d5 6. cxd5 exd5 7. Bg5 Be7 8.
e3 O-O 9. Be2 h6 10. Bh4 Nc6 11. O-O Be6 12. Rc1 a6 13. Nxc6 bxc6 14. Na4 Qc7
15. Nc5 Bxc5 16. Rxc5 Nd7 17. Rc2 c5 18. Bg3 Qb6 19. Qd2 Nf6 20. f3 Bf5 21. Rcc1
Rfe8 22. Bf2 Rad8 23. Rfd1 Bg6 24. Bf1 Rc8 25. b3 Red8 26. h3 a5 27. Be1 a4 28.
bxa4 c4 29. a5 Qa7 30. Qd4 Qxd4 31. exd4 Rb8 32. Bc3 Rb5 33. Re1 Ra8 34. Kf2 Kf8
35. g4 Ne8 36. h4 Nd6 37. h5 Bh7 38. Re5 f6 39. Re6 Nb7 40. a6 Nd8 41. a4 Rb3
42. Rd6 Bg8 43. a5 Ke7 44. Rb6 Ra3 45. Bb4+ Kd7 46. Bxa3 Kc7 47. Bd6+ Kd7 48.
Bc5 Nc6 49. Rb7+ Kc8 50. Rxg7 Be6 51. Re1 Bd7 52. Rg8+ 1-0

[Event "Titled Tue 24th Jun Early"]
[Site "chess.com INT"]
[Date "2025.06.24"]
[Round "7"]
[White "Kezin, Roman"]
[Black "Bluebaum, Matthias"]
[Result "0-1"]
[WhiteTitle "IM"]
[BlackTitle "GM"]
[WhiteElo "2471"]
[BlackElo "2663"]
[WhiteFideId "24124621"]
[BlackFideId "24651516"]
[EventDate "2025.06.24"]

1. d4 d5 2. c4 e6 3. Nf3 Nf6 4. g3 Nc6 5. Bg2 Bd6 6. O-O O-O 7. Bg5 h6 8. Bxf6
Qxf6 9. cxd5 exd5 10. Nc3 Ne7 11. e4 dxe4 12. Nxe4 Qe6 13. Re1 c6 14. Nc5 Qf6
15. Ne5 Rd8 16. Qb3 Rb8 17. Ne4 Qe6 18. Nxd6 Qxb3 19. axb3 Rxd6 20. Rxa7 Be6 21.
Nd3 Nf5 22. Nc5 Nxd4 23. Rxb7 Rdd8 24. Nxe6 fxe6 25. Rxb8 Rxb8 26. Re3 c5 27.
Bh3 Kf7 28. f4 Kf6 29. Kf2 Rb6 30. Bg4 Nxb3 31. Bd1 Nd4 32. b3 Ra6 33. g4 Ra2+
34. Kg3 Rd2 35. Bf3 g5 36. fxg5+ hxg5 37. h4 Rb2 38. Bd1 Rb1 39. hxg5+ Kxg5 40.
Rd3 e5 41. Kf2 e4 42. Rd2 Kf4 0-1

[Event "Titled Tue 24th Jun Early"]
[Site "chess.com INT"]
[Date "2025.06.24"]
[Round "7"]
[White "Baskakov, Egor"]
[Black "Kleimenov, Nikolay"]
[Result "1-0"]
[WhiteTitle "CM"]
[BlackTitle "CM"]
[WhiteElo "2215"]
[BlackElo "2199"]
[WhiteFideId "24197866"]
[BlackFideId "34414223"]
[EventDate "2025.06.24"]

1. e4 c5 2. Nf3 d6 3. d4 cxd4 4. Nxd4 Nf6 5. Nc3 g6 6. g3 Bg7 7. Bg2 O-O 8. h3
Nc6 9. Nde2 Be6 10. O-O Rc8 11. a4 Bc4 12. Re1 Nd7 13. Be3 Bxe2 14. Qxe2 Bxc3
15. bxc3 Na5 16. h4 Rxc3 17. h5 Qc7 18. hxg6 hxg6 19. Qg4 Rxe3 20. Rxe3 Ne5 21.
Qe2 Rc8 22. f4 Nec4 23. Rd3 Nb2 24. Rf3 Qc5+ 25. Qf2 Qxc2 26. e5 dxe5 27. fxe5
Qxf2+ 28. Kxf2 Rc5 29. e6 fxe6 30. Bh3 Rc6 31. Re1 Kg7 32. Bxe6 Rc5 33. g4 Kh6
34. g5+ Kxg5 35. Rg1+ Kh6 36. Rf7 Rh5 37. Bg4 1-0

[Event "Titled Tue 24th Jun Early"]
[Site "chess.com INT"]
[Date "2025.06.24"]
[Round "7"]
[White "Livaic, Leon"]
[Black "Silva, Pedro Gil Ferreira Da"]
[Result "1-0"]
[WhiteTitle "GM"]
[BlackTitle "FM"]
[WhiteElo "2550"]
[BlackElo "2269"]
[WhiteFideId "14531534"]
[BlackFideId "1946102"]
[EventDate "2025.06.24"]

1. d3 d5 2. Nf3 Nf6 3. a3 g6 4. g3 Bg7 5. Bg2 O-O 6. O-O b6 7. b4 Bb7 8. Bb2
Nbd7 9. Nbd2 Re8 10. c4 e5 11. cxd5 Bxd5 12. Qc2 a5 13. b5 Rc8 14. e4 Bb7 15.
Nc4 Nh5 16. Rad1 Qe7 17. d4 exd4 18. Nxd4 Nc5 19. Rfe1 Rcd8 20. e5 Bxg2 21. Kxg2
Ne6 22. Nc6 Nef4+ 23. gxf4 Nxf4+ 24. Kh1 Qg5 25. Qe4 Rxd1 26. Rxd1 Nh3 27. Qf3
Qh4 28. Bd4 Ng5 29. Qg2 Ne6 30. Ne3 Nf4 31. Qf3 Nh3 32. Ng4 h5 33. Nf6+ Bxf6 34.
Qxf6 Qe4+ 35. f3 Qe2 36. Rg1 Nxg1 37. Bxg1 Re6 38. Qf4 Qxb5 39. Nd4 Qxe5 40.
Nxe6 Qxe6 41. Bd4 c5 42. Qb8+ Qe8 43. Qxe8+ Kh7 44. Qh8# 1-0

[Event "Titled Tue 24th Jun Early"]
[Site "chess.com INT"]
[Date "2025.06.24"]
[Round "7"]
[White "Norman, Kseniya"]
[Black "Pavlidou, Ekaterini"]
[Result "0-1"]
[WhiteTitle "WFM"]
[BlackTitle "WIM"]
[WhiteElo "2069"]
[BlackElo "2198"]
[WhiteFideId "13518780"]
[BlackFideId "4213262"]
[EventDate "2025.06.24"]

1. e4 c5 2. Nc3 e6 3. f4 Nc6 4. Nf3 Nf6 5. Bb5 Nd4 6. d3 a6 7. Ba4 b5 8. Bb3 Bb7
9. O-O Qb6 10. Nxd4 cxd4 11. Ne2 Be7 12. Qe1 Ng4 13. Qg3 h5 14. h3 Ne3 15. Bxe3
dxe3 16. Qxg7 O-O-O 17. a4 Rdf8 18. axb5 axb5 19. Qc3+ Kb8 20. Qa5 Bd8 21. Qxb6
Bxb6 22. c3 f5 23. Bc2 h4 24. Nd4 b4 25. Rae1 bxc3 26. bxc3 Rc8 27. Ne2 Rhg8 28.
Rf3 fxe4 29. dxe4 d5 30. f5 exf5 31. Rxf5 d4 32. Rb1 Rg6 33. Rfb5 Ka7 34. Ra1+
Ba6 35. Bd3 dxc3 36. Rxa6+ Kxa6 37. Rg5+ Ka7 38. Rxg6 c2 39. Rg7+ Kb8 40. Kf1
Rf8+ 41. Kg1 c1=Q+ 42. Nxc1 e2+ 43. Kh2 e1=Q 44. Ne2 Bc7+ 45. g3 Bxg3+ 46. Nxg3
Rf2# 0-1

[Event "Titled Tue 24th Jun Early"]
[Site "chess.com INT"]
[Date "2025.06.24"]
[Round "7"]
[White "Dudzinski, Piotr"]
[Black "Grot, Blazej"]
[Result "1/2-1/2"]
[WhiteTitle "FM"]
[BlackTitle "CM"]
[WhiteElo "2335"]
[BlackElo "2187"]
[WhiteFideId "1119362"]
[BlackFideId "21835845"]
[EventDate "2025.06.24"]

1. e4 c5 2. c3 Nf6 3. e5 Nd5 4. d4 cxd4 5. cxd4 e6 6. Nc3 d6 7. Nxd5 exd5 8. Nf3
Nc6 9. Bd3 Be7 10. h3 O-O 11. O-O h6 12. Re1 Be6 13. Bf4 Rc8 14. Rc1 Qd7 15. Bb1
dxe5 16. dxe5 Bf5 17. Bxf5 Qxf5 18. Bg3 Rfd8 19. Nd4 Nxd4 20. Qxd4 b6 21. Rxc8
Qxc8 22. Qa4 d4 23. Bf4 Qf5 24. Qxa7 Bc5 25. Qc7 Re8 26. Bg3 Qc2 27. Qd7 Re6 28.
Qd8+ Kh7 29. Qd5 d3 30. Qb3 Qxb3 31. axb3 Bd4 32. Rd1 Bxe5 33. Rxd3 Bxg3 34.
fxg3 Re2 35. Rd6 Rxb2 36. Rxb6 f6 37. g4 Kg6 38. Rb7 Rc2 39. b4 Rb2 40. Kh2 Kh7
41. Kg3 Kg6 42. Kf3 Rb3+ 43. Kf4 Rb2 44. g3 Rb3 45. h4 h5 46. gxh5+ Kxh5 47. b5
g5+ 48. hxg5 fxg5+ 49. Kf5 Rf3+ 50. Ke4 Rxg3 51. b6 Rb3 52. Rb8 Kg6 53. b7 Kg7
54. Kf5 Rb1 55. Kxg5 Rg1+ 56. Kf4 Rf1+ 57. Ke3 Rb1 58. Kd3 Rb2 59. Kc4 Rb1 60.
Kc3 Rb6 61. Kc2 Rb5 62. Kc3 Rb6 63. Kc4 Rb1 64. Kc5 Rc1+ 65. Kb6 Rb1+ 66. Kc7
Rc1+ 67. Kd7 Rd1+ 68. Kc7 Rc1+ 69. Kd7 Rd1+ 70. Kc7 Rc1+ 1/2-1/2

[Event "Titled Tue 24th Jun Early"]
[Site "chess.com INT"]
[Date "2025.06.24"]
[Round "7"]
[White "Tregubov, Pavel V."]
[Black "Logachiov, Aleksandr"]
[Result "1-0"]
[WhiteTitle "GM"]
[BlackTitle "CM"]
[WhiteElo "2550"]
[BlackElo "2129"]
[WhiteFideId "4115341"]
[BlackFideId "24123706"]
[EventDate "2025.06.24"]

1. e4 c5 2. Nf3 d6 3. d4 cxd4 4. Qxd4 Nf6 5. Nc3 Nc6 6. Qd3 g6 7. Be2 Bg7 8. O-O
O-O 9. Nd5 Bg4 10. c3 Nd7 11. h3 Bxf3 12. Qxf3 e6 13. Ne3 Qc7 14. Rd1 Nc5 15.
Ng4 f5 16. exf5 Rxf5 17. Qe3 Kh8 18. Bd2 Raf8 19. Be1 h5 20. Nh2 Kh7 21. Bf3 Ne5
22. b4 Ncd7 23. Be4 Bh6 24. Qe2 Rf4 25. g3 R4f7 26. f4 Nc4 27. Qxh5 Rg7 28. Ng4
Nf6 29. Qxh6+ Kg8 30. Nxf6+ Rxf6 31. Qg5 Qf7 32. Bf2 d5 33. Bg2 Nd6 34. Bd4 Rf5
35. Qg4 Rh7 36. Re1 Nc4 37. Re2 Rfh5 38. Rae1 Rf5 39. Rxe6 Qd7 40. Re8+ Kf7 41.
Bxd5+ 1-0